00430nam a2200169Ia 4500008004100000020001800041050001400059100001800073245002200091245005200113260001500165260002200180260000900202300001400211300002500225300001000250180207s9999 xx 000 0 und d a9780439187834 bW753 1999 aWilson, Sarah aLove and kisses / cby Sarah Wilson ; illustrated by Melissa Sweet. aNew York : bCandlewick Press, c1999 aunpaged : bcolor illustration ; c14cm.